LIBRARY & INFORMATION CENTRE, KCAET, TAVANUR

ONLINE PUBLIC ACCESS CATALOGUE (OPAC)

Table of integrals, series, and products / (Record no. 396)

MARC details
000 -LEADER
fixed length control field 00499cam a2200193ua 4500
020 ## - INTERNATIONAL STANDARD BOOK NUMBER
ISBN 0-12-294755-X
041 ## - LANGUAGE CODE
Language code of text/sound track or separate title eng
082 ## - DEWEY DECIMAL CLASSIFICATION NUMBER
Classification number 515.021 2
Item number GRA/TA
100 ## - MAIN ENTRY--AUTHOR NAME
Personal name Gradshteyn , I S .
245 ## - TITLE STATEMENT
Title Table of integrals, series, and products /
250 ## - EDITION STATEMENT
Edition statement 5 /
260 ## - PUBLICATION, DISTRIBUTION, ETC. (IMPRINT)
Place of publication New York :
Name of publisher Academic Press ,
Year of publication 1994.
300 ## - PHYSICAL DESCRIPTION
Number of Pages 1204 ; .
500 ## - GENERAL NOTE
General note 20666-Reference
700 1# - ADDED ENTRY--PERSONAL NAME
Personal name Ryzhick, I M .
942 ## - ADDED ENTRY ELEMENTS (KOHA)
Koha item type Books
Holdings
Withdrawn status Lost status Damaged status Home library Current library Date acquired Full call number Accession Number Koha item type
      KAUAET KAUAET 07/04/2012 515.021 2 20666 Reference
free website counter